00484 2200193 4500001002100000005001500021008004100036020001800077035001900095041000700114082000800121090001400129100001600143245005100159260003000210300002600240500001100266650001300277INLIS00000000000287120241224112621241224||||||||| | ||| |||| || |  a979-780-274-4 0010-1224002871 aid0 a920 a920 HAL a0 aBaby Halder00aA Life Less Ordinary: Dari Gelap Kepada Terang aJakartabGagasMediac2008 axvii, 266 hlm.; 20 cm aCet. 1 0aBiografi